LEADER 01275nam a2200301 a 4500 001 000000130774 003 CaOOAMICUS 005 20121008114325.0 008 121008s2012 vc u000 u ita r 020 $a978-88-465-0816-4 040 $aPUL$bita 082 04$a230 100 1 $aTremblay, Réal.$0(OLS)http://pul/name/23596 245 10$aNell'attesa del Natale: le Antifone "O" :$bcontenuto e risonanze /$cRéal Tremblay. 260 $aCittà del Vaticano :$bLateran University Press,$c©2012. 300 $a37 p. ;$c21 cm. 490 1 $aLe lanterne ;$v03 504 $aBibliografia in nota. 650 4$aAntifone.$0(OLS)http://pul/subject/39067 830 3$aLe lanterne (Lateran University Press) ;$v03.$0(OLS)http://pul/title/161006 850 $aPUL 852 $aPUL$W1$xDP2 Religione 3$y114$m230 COLL 6.3$j151175$qDDC 21$B149915$CPULBib$Z2$F149915 $H121005 $82 941 1 $a9 996 $6020$a978-88-465-0816-4$9(OLS)http://pul/number/150783 996 $6082$a230$9(OLS)http://pul/classification/368 996 $6245$aNell'attesa del Natale: le Antifone "O" :$bcontenuto e risonanze$9(OLS)http://pul/title/165269 996 $6260$aCittà del Vaticano :$bLateran University Press$9(OLS)http://pul/publisher/74585 LEADER 01738nam a2200397 u 4500 001 000000065394 003 CaOOAMICUS 005 20070226121448.0 008 011205s1986 fr u000 u fre u 020 $a2204025763 035 $a10912907 040 $aPUL$bita 041 1 $afre$hspa 100 1 $aSobrino, Jon.$0(OLS)http://pul/name/39503 240 10$aJesús en America Latina.$lFrancese.$0(OLS)http://pul/title/86998 245 10$aJésus en Amérique Latine :$bsa signification pour la foi et la christologie /$cJon Sobrino ; traduit de l'espagnol par Francis Guibal. 260 $aParis :$bCerf,$c1986. 300 $a273 p. ;$c23 cm 490 1 $aCogitatio fidei ;$v140 500 $aContiene indici. 504 $aBibliografia in nota. 600 04$aIesus Christus.$0(OLS)http://pul/subject/207 651 4$aAmerica Latina$xStoria ecclesiastica.$0(OLS)http://pul/subject/22385 700 1 $aGuibal, Francis.$0(OLS)http://pul/name/43596 830 0$aCogitatio fidei ;$v140.$0(OLS)http://pul/title/876 850 $aPUL 852 $aPUL$W1$xSL Religione 2$y84$mTheol A13 140$j84681$nBK-PRI$b $qStampati altre collocazioni$B84681$CPULBib$Z2$F84681 $H $81 852 $aPUL$W1$xDP1 Fondo Bordoni$y120$m3 E 90.140$j172636$qFondi$B174492$CPULBib$Z2$F174492 $HBor941 $81 941 1 $a1 941 1 $a10 960 $aCristologia$9207 960 $aCristologia$9207 960 $aGesù Cristo$9207 996 $6020$a2204025763$9(OLS)http://pul/number/84809 996 $6245$aJésus en Amérique Latine :$bsa signification pour la foi et la christologie$9(OLS)http://pul/title/86999 996 $6260$aParis :$bCerf$9(OLS)http://pul/publisher/48238